A sermon at the settlement of the Rev. Archibald Douglas : as minister of the congregation of protestant dissenters, lately under the charge of the Rev. Thomas Noon, Reading, Berks, on February the 24th. 1796. By John Winter.

Bibliographic Details
Main Author: Winter, John, dissenting minister
Format: eBook
Language:English
Series:Eighteenth century collections online.
Online Access:Full text online

MARC

Tag First Indicator Second Indicator Subfields
LEADER 00000cam a2200000 4500
001 in00001908984
006 m | d |
007 cr |n||||||||n
008 790922s1796 enk|||| s 00||||eng d
005 20260414165636.0
035 |a (CStRLIN)ESTCT17482 
040 |a Uk-ES  |c Uk-ES  |d CStRLIN  |d Thomson Gale  |d UtOrBLW 
100 1 |a Winter, John,  |c dissenting minister. 
245 1 2 |a A sermon at the settlement of the Rev. Archibald Douglas :  |b as minister of the congregation of protestant dissenters, lately under the charge of the Rev. Thomas Noon, Reading, Berks, on February the 24th. 1796. By John Winter. 
264 3 |a Newbury :  |b printed and sold by B. Fuller. Sold also by Robinson's, London; Smart and Cowslade, Reading; Burnham, Maidenhead; Norton, Henley; and Eade, High Wycombe,  |c [1796] 
300 |a 31, 1 unnumbered page ;  |c 8⁰. 
336 |a text  |b txt  |2 rdacontent 
337 |a computer  |b c  |2 rdamedia 
338 |a online resource  |b cr  |2 rdacarrier 
500 |a Reproduction of original from the British Library. 
510 4 |a English Short Title Catalog,  |c ESTCT17482. 
533 |a Electronic reproduction.  |b Farmington Hills, Mich. :  |c Thomson Gale,  |d 2003.  |n Available via the World Wide Web.  |n Access limited by licensing agreements  |7 s2003 miunns 
500 |a Electronic resource. 
830 0 |a Eighteenth century collections online. 
856 4 0 |u http://proxy.library.tamu.edu/login?url=https://galenet.galegroup.com/servlet/ECCO?c=1&stp=Author&ste=11&af=BN&ae=T017482&tiPG=1&dd=0&dc=flc&docNum=CW119645779&vrsn=1.0&srchtp=a&d4=0.33&n=10&SU=0LRF&locID=txshracd2898  |z Full text online  |t 0 
999 |a MARS 
999 f f |s 625957fa-6845-3544-96ec-b40f10c0503f  |i 8f1961da-cbeb-34b8-8ebf-212485d8b32c  |t 0 
952 f f |a Texas A&M University  |b College Station  |c Electronic Resources  |s www_evans  |d Available Online  |t 0  |h No information provided 
998 f f |t 0  |l Available Online